000 00660nam a22001937a 4500
003 OSt
005 20251121093355.0
008 251121b |||||||| |||| 00| 0 eng d
020 _a0-13-899394-7
040 _aDWC-Main lib
_cOC
082 _aCirc. 005.13 D325 1998
100 _aDeitel, H.
245 _aJava :
_bhow to program
_cDeitel, Harvey M.
260 _aNew Jersey :
_bPrentice Hall,
_cc1998
300 _ali, 1063 pages :
_c 23 cm.
504 _aIncludes bibliographical references and index
650 _2Java (computer program language)
942 _2ddc
_cBK-CIRC
_e2nd edition
_hCirc. 005.13 D325 1998
_kCirc.
_n0
999 _c5955
_d5955